Eternity has already begun

Bibliographic Details
Main Author: Harun Yahya
Format: Book
Published: New Delhi : Goodwork Books , 2001
Subjects:

MARC

LEADER 00000cam a2200000 7i4500
001 0000027134
005 20090817.0
008 0090817
020 |a 8178980150 
090 0 0 |a 297.23   |b HAR 
100 1 |a Harun Yahya 
245 1 0 |a Eternity has already begun   |c Harun Yahya 
260 |a New Delhi :   |b Goodwork Books ,   |c 2001 
650 0 |a Islam   |x doctrines 
650 0 |a Koran   |x Criticism, interpretation, etc. 
650 0 |a Time   |x religious aspects   |x Islam 
999 |a 0001058852   |b Book   |c Adult Collection   |e Perbadanan Perpustakaan Awam Johor 
999 |a 0001058853   |b Book   |c Adult Collection   |e Cawangan Bukit Gambir 
999 |a 0001058855   |b Book   |c Adult Collection   |e Perbadanan Perpustakaan Awam Johor